| 000 | 00625nam a2200181Ia 4500 | ||
|---|---|---|---|
| 008 | 100921s9999 xx 000 0 und d | ||
| 082 |
_b17998 _a120 थ 81 |
||
| 100 | _aदेशपांडे अ.कृ. | ||
| 245 | _aमृत्युनंतरचे जीवन. | ||
| 260 |
_b--- _c1981 |
||
| 300 |
_a251 _b--- |
||
| 365 | _b30 | ||
| 520 | _aतत्वज्ञान-जीवन-मरण. | ||
| 630 | _aमृत्युनंतरचे जीवन. | ||
| 650 | _aतत्वज्ञान-जीवन-मरण. | ||
| 730 | _aमृत्युनंतरचे जीवन. | ||
| 942 | _cBOOK | ||
| 999 |
_c767111 _d767108 |
||